000 01068nam a22002297a 4500
999 _c7667
_d7667
003 AR-CdUCM
008 190321b ||||| |||| 00| 0 spa d
040 _aMUNICIPALIDAD PROVINCIAL DEL CUSCO
_cBIBLIOTECA MUNICIPAL DEL CUSCO
041 _hfre
082 _22ed.
_a637 /
_bV39
100 _aVeisseyre, Roger
_921655
245 _aLactología Técnica :
_bRecogida, tratamiento y transformación de la leche en países templados y calientes /
260 _aEspaña :
_bAcribia ;
_c1972.
300 _a643 páginas ;
_bFotografías, tablas, fórmulas, ilustraciones
_c24cm
505 _aContenido: Caracteres, composición y estructura de la leche -- Variaciones en la producción y en la composición de la leche -- Alteraciones y defectos de la leche -- Obtención y conservación de la leche en la granja -- Observación de la leche en la granja...
650 _aLactología
_921656
650 _aProcesamiento de leche
_921657
650 _aLeche
_921658
700 _aBurgos González, Justino (traducción)
_921659
942 _2ddc
_cLIBROS
945 _anom